The art of speaking made simple

Bibliographic Details
Main Author: Gondin, William R.
Other Authors: Mammen, Edward W.
Format: Book
Published: Garden city : New York Doubleday Co , Inc 1981
Subjects:

MARC

LEADER 00000cam a2200000 7i4500
001 0000002748
005 20050420.0
040 |a INS 
090 0 0 |a P95.   |b G63 1981 
100 1 |a Gondin, William R. 
245 1 4 |a The art of speaking made simple   |c William R. Gondin 
260 |a Garden city :   |b New York Doubleday Co ,   |c Inc 1981 
300 |a 191p. :   |b illus ;   |c 25 cm. 
650 0 0 |a Reotic 
650 0 0 |a Style   |x Literang 
700 1 |a Mammen, Edward W. 
999 |a 0000000843   |b BOOK   |c Open Shelf   |e Default branch